1586 1034 1626 1089 1178 1306 1863 1415 1037 1317 1115 1657 1586 1885 1280 1555 1042 1331 1321 1611 1244 1064 1850 1723 1761 1105 1371 1399 1649 1522 1955 1795 1666 1666 1547 1487 1193 1897 1030 1930 1660 1668 1798 1988 1350 1375 1585 1303 1295 1238 1245 1632 1277 1482 1149 1098 1447 1839 1834 1691 1335 1489 1235 1170 1761 1373 1134 1446 1534 1719 1339 1492 1583 1031 1156 1601 1788 1411 1882 1554 1992 1649 1933 1537 1022 1149 1072 1148 1972 1072 1902 1620 1764 1713 1614 1288 1194 1731 1031 BCNSPRNW ULIB Ver.6.0+V

เปลี่ยนเป็นภาษาไทย

Change to English
 แสดงรายละเอียดบรรณานุกรม
  กลับหน้าหลัก

Brief Record : Get Marc (ISO 2709) : E-mail record : QR code < ปิดหน้าต่าง
LEADER : 00000nam 2200000uu 4500
001    13399110475
003     ULIB
008    110601s2552||||th 000 0 tha d
020    9789741149704
060 04 WO275^bว691ต 2552
245 00 วิสัญญีวิทยาพื้นฐาน /^cวิรัตน์ วศินวงศ์ ... [และคนอื่นๆ],บรรณาธิการ
246 14 ตำราวิสัญญีวิทยาพื้นฐาน
250    เรียบเรียงครั้งที่ 2
260    สงขลา :^bหน่วยผลิตตำราคณะแพทยศาสตร์มหาวิทยาลัยสงขลานครินทร์,^c2552
300    495 หน้า :^bภาพประกอบ ;^c27 ซม.
500    ชื่อเรื่องที่ปกนอก: ตำราวิสัญญีวิทยาพื้นฐาน
650  7 วิสัญญีวิทยา
700 0  วิรัตน์ วศินวงศ์,^eบรรณาธิการ
710 2  มหาวิทยาลัยสงขลานครินทร์. ^bคณะแพทยศาสตร์
945    ^p590^l0^i026931
945    ^p590^l0^i026930
995    ทศพร
999 ^a ใช้งานได้ทุกระบบ
รายการนี้ยังไม่มีแท็ก
คุณยังไม่ได้ล็อกอิน คุณสามารถมีกิจกรรมร่วมกับเว็บไซต์ได้ แต่ต้องล็อกอินก่อน ::
  ล็อกอิน

รายการสื่อสารสนเทศ

ลำดับที่ ประเภท เลขเรียก/บาร์โค้ด สถานที่ สถานะ
- ไม่พบข้อมูล -

รายการใกล้เคียง
    หัวเรื่อง [วิสัญญีวิทยา]

BibComment


ยังไม่เคยถูกคอมเมนท์

คอมเมนท์ทรัพยากรรายการนี้
  คอมเมนท์: วิสัญญีวิทยาพื้นฐ..


 Copyright 2026. Bcnsprnw @Library